| LEADER 01174nam 2200277 a 4500 |
| 001 12334108009 |
| 003 ULIB |
| 008 030417s2551 th a sb 001 0 tha |
| 020 ^a9789741314065
|
| 060 4 ^aWP480^bร721 2551
|
| 245 00 ^aรู้ทันมะเร็งปากมดลูกภัยร้ายที่ป้องกันได้ /^cบรรณาธิการ ชิษณุ พันธุ์เจริญ ... [และคนอื่นๆ]
|
| 250 ^aพิมพ์ครั้งที่ 1
|
| 260 ^aกรุงเทพฯ :^bธนาเพรส,^c2551
|
| 300 ^a75 หน้า :^bภาพประกอบ
|
| 650 7 ^aปากมดลูก^xมะเร็ง
|
| 650 7 ^aปากมดลูก^xมะเร็ง^xการป้องกันและควบคุม
|
| 700 0 ^aชิษณุ พันธุ์เจริญ,^eบรรณาธิการ
|
| 913 ^aImported by ULIBM Administrator
|
| 949 ^aImport form external file by ULIBM system
|
| 999 ^aสุณิสา
|